Una mirada a la ideología Social cristian en Costa Rica /
Збережено в:
| Автор: | |
|---|---|
| Формат: | Текст |
| Предмети: | |
| Теги: |
Додати тег
Немає тегів, Будьте першим, хто поставить тег для цього запису!
|
MARC
| LEADER | 00000 a a2200000 04500 | ||
|---|---|---|---|
| 001 | 16797 | ||
| 003 | |||
| 040 | |||
| 100 | |a Toledo Carranza, Ricardo | ||
| 245 | |a Una mirada a la ideología Social cristian en Costa Rica / |c Ricardo Toledo Carranza | ||
| 650 | |a IDEOLOGIAS POLITICAS | ||
| 650 | |a DOCTRINAS POLITICAS | ||
| 650 | |a DOCTRINAS SOCIALES | ||
| 650 | |a DESARROLLO POLITICO | ||
| 650 | |a DESARROLLO ECONOMICO | ||
| 650 | |a DESARROLLO SOCIAL | ||
| 773 | |g volumen 10, número 2; páginas | ||
| 999 | |c 29590 |d 29590 | ||
